000 00383nam a22001577a 4500
003 OSt
005 20240415161956.0
008 240415b |||||||| |||| 00| 0 eng d
040 _cMRSPTU
100 _aKomal, Amar
245 _aBharat Da Mukti Sangrash
_bKuj Kodya Sachyan
250 _a2nd
260 _aPunjab
_bTarkbharti Parkashan
_c2005
300 _a151
942 _2ddc
_cBK
_n0
999 _c10033
_d10033